000 00691nam a22002537a 4500
001 BR8502783
003 BR-BrBNA
005 20230928092203.0
007 ta
008 230509b bl.||||| |||| 00| 0 por d
040 _aBR-BrBNA
_bpor
_cBiblioteca Nacional de Agricultura
041 _a(Por)
072 _aJ11
_b9205
090 _ 9205 BR8502783
110 1 _aCompanhia Brasileira de Armazenamento, Brasilia, DF (Brasil)
_92307
245 1 _aArmazenamento de graos ensacados a ceu aberto
260 3 _aBrasilia, DF (Brasil):
_c1985.
300 _a15 p.
500 _a7 illus.
650 _aGRAO
650 _aARMAZENAMENTO
909 _a202309
_bLucia
_c55
_dLucia Elande
942 _cBK
999 _c37584
_d37584